Neutrino vaÌ€ bâÌt đôÌi xưÌng Baryon của vũ truÌ£ SaÌch tham khảo cho hoÌ£c viên lyÌ thuyêÌt trươÌ€ng vaÌ€ vâÌ£t lyÌ haÌ£t cơ bản
TriÌ€nh baÌ€y vêÌ€: LươÌ£c sử Neutrino vaÌ€ dao đôÌ£ng neutrino; Dao đôÌ£ng Neutrino; BâÌt đôÌi xưÌng vâÌ£t châÌt phản vâÌ£t châÌt của vũ truÌ£;Baryogenesis thông qua leptogenesis; TM taÌ€i liêÌ£u tham khảo Tr.114-120...
Kaydedildi:
| Yazar: | |
|---|---|
| Materyal Türü: | Kitap |
| Dil: | Undetermined |
| Baskı/Yayın Bilgisi: |
Tp. HôÌ€ ChiÌ Minh
ĐaÌ£i hoÌ£c QuôÌc gia Tp. HCM
2014
|
| Konular: | |
| Online Erişim: | http://lrc.tdmu.edu.vn/opac/search/detail.asp?aID=2&ID=24111 |
| Etiketler: |
Etiketle
Etiket eklenmemiş, İlk siz ekleyin!
|
| Thư viện lưu trữ: | Trung tâm Học liệu Trường Đại học Thủ Dầu Một |
|---|
| LEADER | 01257nam a2200217Ia 4500 | ||
|---|---|---|---|
| 001 | TDMU_24111 | ||
| 008 | 210410s9999 xx 000 0 und d | ||
| 082 | |a 539.72 | ||
| 090 | |b NG527 | ||
| 100 | |a Nguyễn, Thanh Phong | ||
| 245 | 0 | |a Neutrino vaÌ€ bâÌt đôÌi xưÌng Baryon của vũ truÌ£ | |
| 245 | 0 | |b SaÌch tham khảo cho hoÌ£c viên lyÌ thuyêÌt trươÌ€ng vaÌ€ vâÌ£t lyÌ haÌ£t cơ bản | |
| 245 | 0 | |c Nguyễn Thanh Phong | |
| 260 | |a Tp. HôÌ€ ChiÌ Minh | ||
| 260 | |b ĐaÌ£i hoÌ£c QuôÌc gia Tp. HCM | ||
| 260 | |c 2014 | ||
| 300 | |a 120tr. | ||
| 520 | |a TriÌ€nh baÌ€y vêÌ€: LươÌ£c sử Neutrino vaÌ€ dao đôÌ£ng neutrino; Dao đôÌ£ng Neutrino; BâÌt đôÌi xưÌng vâÌ£t châÌt phản vâÌ£t châÌt của vũ truÌ£;Baryogenesis thông qua leptogenesis; TM taÌ€i liêÌ£u tham khảo Tr.114-120 | ||
| 650 | |a VâÌ£t lyÌ hoÌ£c haÌ£t; Vậy lý học |x Mô hình chuẩn | ||
| 856 | |u http://lrc.tdmu.edu.vn/opac/search/detail.asp?aID=2&ID=24111 | ||
| 980 | |a Trung tâm Học liệu Trường Đại học Thủ Dầu Một | ||